| 000 | 00804nam a2200253 a 4500 | ||
|---|---|---|---|
| 001 | 000041129 | ||
| 003 | DO-SdBNP | ||
| 005 | 20240302073953.0 | ||
| 007 | ta | ||
| 008 | 130918s2011 dr 000 0 spa d | ||
| 020 | _a9789945420944 | ||
| 040 |
_aDO-SdBNP _bspa _cBNPHU |
||
| 082 | 4 |
_222 _bR789p |
|
| 100 | 1 |
_aRosario Candelier, Bruno, _d1941- _9851 |
|
| 245 | 1 | 3 |
_aEl pensamiento creativo : _bconcepto, expresión y poesía / _cBruno Rosario Candelier. |
| 260 |
_aSanto Domingo : _bAcademia Diminicana de la Lengua, _c2011. |
||
| 300 |
_a458 p. ; _c24 cm. |
||
| 490 | 1 |
_aPor las amenas liras _v8 |
|
| 500 | _aIncluye datos biográficos del autor en la solapa de la cubierta | ||
| 590 | _aInventariado, 2023 / DG | ||
| 830 | 0 |
_aPor las amenas liras _n8 _967673 |
|
| 910 | _aDG | ||
| 942 |
_2ddc _cLBS1 |
||
| 999 |
_c40619 _d40619 |
||